[Event "22. Torneo San Viator"]
[Site "Madrid ESP"]
[Date "2014.05.18"]
[Round "7.14"]
[White "Barahona Torrijos, Angel"]
[Black "Sirera Ripoll, Jose"]
[Result "1-0"]
[WhiteElo "1870"]
[BlackElo "1750"]
[PlyCount "85"]
[EventDate "2014.03.23"]
[EventType "swiss"]
[EventRounds "9"]
[EventCountry "ESP"]
[SourceTitle "Ajedrez en Madrid"]
[Source "lmi"]
[SourceDate "2014.03.23"]
[SourceVersion "1"]
[SourceVersionDate "2014.07.21"]
[SourceQuality "1"]

1. e4 c5 2. a3 g6 3. d4 cxd4 4. c3 d3 5. Bxd3 Bg7 6. Be3 Nc6 7. f4 d6 8. Nf3
Nf6 9. h3 O-O 10. O-O Nd7 11. Nbd2 Nc5 12. Bc2 b6 13. b4 Nd7 14. b5 Na5 15. Bd4
e5 16. Be3 Qc7 17. Nb3 Qxc3 18. Bd2 Qc7 19. Nxa5 bxa5 20. Bb3 Qb6+ 21. Kh1 Bb7
22. Ng5 Nf6 23. f5 Bxe4 24. Nxe4 Nxe4 25. Be1 Qxb5 26. Rf3 Rad8 27. fxg6 hxg6
28. Bh4 g5 29. Bd5 gxh4 30. Rb1 Qc5 31. Bxe4 d5 32. Bf5 e4 33. Rf4 Qe7 34. Qh5
Rfe8 35. Bh7+ Kf8 36. Rbf1 f6 37. Rxf6+ Bxf6 38. Qg6 Qf7 39. Rxf6 Rd7 40. Qg8+
Ke7 41. Rxf7+ Kd8 42. Rxd7+ Kxd7 43. Qxd5+ 1-0

[Event "22. Torneo San Viator"]
[Site "Madrid ESP"]
[Date "2014.05.18"]
[Round "7.15"]
[White "Campomanes Rodriguez, Javier"]
[Black "Camarero Izquierdo, Juan Carlo"]
[Result "1-0"]
[WhiteElo "1713"]
[BlackElo "1864"]
[PlyCount "77"]
[EventDate "2014.03.23"]
[EventType "swiss"]
[EventRounds "9"]
[EventCountry "ESP"]
[SourceTitle "Ajedrez en Madrid"]
[Source "lmi"]
[SourceDate "2014.03.23"]
[SourceVersion "1"]
[SourceVersionDate "2014.07.21"]
[SourceQuality "1"]

1. c4 e5 2. Nc3 f5 3. d3 Bb4 4. Bd2 Nf6 5. a3 Bxc3 6. Bxc3 Nc6 7. e3 d5 8. cxd5
Nxd5 9. e4 Nxc3 10. bxc3 O-O 11. Nf3 Qf6 12. Be2 fxe4 13. dxe4 Qg6 14. Qd5+ Be6
15. Nxe5 Nxe5 16. Qxe5 Rae8 17. O-O Bc8 18. Qd5+ Kh8 19. f3 Qf6 20. Qd4 Qf4 21.
g3 Qh6 22. Rad1 b6 23. Qd2 Qh5 24. Qe3 Bh3 25. Rd5 Qf7 26. Rfd1 Be6 27. R5d2 a5
28. Qg5 h6 29. Qh4 Bb3 30. Rd7 Qe6 31. R1d4 Qc6 32. Qg4 Rg8 33. c4 Qc5 34. Kg2
Qxa3 35. Qf4 a4 36. Rxc7 Ref8 37. Qd2 Qa1 38. Rdd7 a3 39. Qxh6+ 1-0

[Event "22. Torneo San Viator"]
[Site "Madrid ESP"]
[Date "2014.05.18"]
[Round "7.16"]
[White "Uceda Martinez, Jacinto"]
[Black "Moreno Zamora, Gregorio"]
[Result "1/2-1/2"]
[WhiteElo "1822"]
[BlackElo "1702"]
[PlyCount "137"]
[EventDate "2014.03.23"]
[EventType "swiss"]
[EventRounds "9"]
[EventCountry "ESP"]
[SourceTitle "Ajedrez en Madrid"]
[Source "lmi"]
[SourceDate "2014.03.23"]
[SourceVersion "1"]
[SourceVersionDate "2014.07.21"]
[SourceQuality "1"]

1. d4 d5 2. c4 e6 3. Nc3 Nf6 4. Nf3 c6 5. Bg5 dxc4 6. a4 Bb4 7. Bxf6 Qxf6 8. e3
b5 9. Be2 Bb7 10. O-O Bxc3 11. bxc3 Nd7 12. Qb1 a6 13. Bxc4 Nb6 14. Be2 O-O 15.
c4 Rab8 16. axb5 cxb5 17. cxb5 axb5 18. Qxb5 Nd5 19. Qd3 Rfc8 20. Rfc1 Qe7 21.
Rxc8+ Rxc8 22. h3 Qd6 23. Rb1 Qc7 24. Ng5 g6 25. Bf3 Ba8 26. Ne4 Ne7 27. Nd2
Bxf3 28. Nxf3 Kg7 29. Qe4 Nd5 30. Qe5+ Qxe5 31. Nxe5 Rc7 32. g3 Nc3 33. Rb2 Ne4
34. Kg2 Nf6 35. Kf3 Nd5 36. Nd3 Kf6 37. Nc5 h6 38. h4 Ne7 39. Rb6 Nd5 40. Rd6
Ke7 41. Ra6 Nb4 42. Rb6 Nd5 43. Rb8 h5 44. e4 Nf6 45. Rb7 Rxb7 46. Nxb7 Ng4 47.
Ke2 f5 48. f3 Nf6 49. Kd3 Kd7 50. Nc5+ Ke7 51. Kc4 fxe4 52. fxe4 Nh7 53. Nd3 g5
54. Ne5 gxh4 55. Ng6+ Kd7 56. gxh4 Nf6 57. Kd3 Ne8 58. Nf4 Ng7 59. Kc4 Kd6 60.
d5 exd5+ 61. exd5 Nf5 62. Ng6 Ne3+ 63. Kd4 Nxd5 64. Ke4 Ke6 65. Nf8+ Kf7 66.
Nh7 Ne7 67. Kf4 Ng6+ 68. Kg3 Nxh4 69. Kxh4 1/2-1/2

[Event "22. Torneo San Viator"]
[Site "Madrid ESP"]
[Date "2014.05.18"]
[Round "7.17"]
[White "Franco Rincon, David"]
[Black "Villanueva Ortega, Ruben"]
[Result "1-0"]
[WhiteElo "1685"]
[BlackElo "1793"]
[PlyCount "105"]
[EventDate "2014.03.23"]
[EventType "swiss"]
[EventRounds "9"]
[EventCountry "ESP"]
[SourceTitle "Ajedrez en Madrid"]
[Source "lmi"]
[SourceDate "2014.03.23"]
[SourceVersion "1"]
[SourceVersionDate "2014.07.21"]
[SourceQuality "1"]

1. b4 d5 2. Bb2 Qd6 3. a3 e5 4. e3 Be6 5. Nf3 Nd7 6. Be2 a5 7. b5 a4 8. O-O Be7
9. c3 Bf6 10. Qc2 Ne7 11. Rd1 Bf5 12. d3 Nc5 13. Nbd2 Nxd3 14. Bxd3 e4 15. Nxe4
dxe4 16. Bxe4 Bxe4 17. Qxe4 Qb6 18. Qb4 O-O 19. Rd2 c6 20. bxc6 Qxb4 21. cxb4
Bxb2 22. Rxb2 bxc6 23. Rc2 Rac8 24. Rac1 Rfd8 25. Kf1 Rd3 26. Rc3 Rcd8 27. Nd4
Rd2 28. Nxc6 Nxc6 29. Rxc6 Ra2 30. Rc8 Rf8 31. Rxf8+ Kxf8 32. Rc3 Rb2 33. Rc8+
Ke7 34. Ra8 g5 35. h3 h5 36. g4 h4 37. Rxa4 Ke6 38. Ra5 f6 39. Kg2 Kd6 40. Ra6+
Ke5 41. Ra5+ Kd6 42. b5 Kc5 43. a4 Rb4 44. Ra6 f5 45. gxf5 g4 46. f6 Rb2 47. f7
gxh3+ 48. Kxh3 Rxf2 49. Ra7 Kb6 50. Re7 Kc5 51. Kxh4 Kd6 52. Ra7 Ke6 53. b6 1-0

[Event "22. Torneo San Viator"]
[Site "Madrid ESP"]
[Date "2014.05.18"]
[Round "7.18"]
[White "Castro Uceda, Jose Antonio"]
[Black "Rodriguez Bittar, Karim Javier"]
[Result "0-1"]
[WhiteElo "1620"]
[BlackElo "1787"]
[PlyCount "141"]
[EventDate "2014.03.23"]
[EventType "swiss"]
[EventRounds "9"]
[EventCountry "ESP"]
[SourceTitle "Ajedrez en Madrid"]
[Source "lmi"]
[SourceDate "2014.03.23"]
[SourceVersion "1"]
[SourceVersionDate "2014.07.21"]
[SourceQuality "1"]

1. d4 d5 2. c4 c6 3. e3 Nf6 4. Nc3 e6 5. Nf3 Be7 6. Bd3 dxc4 7. Bxc4 b5 8. Bd3
Nbd7 9. O-O a6 10. Re1 O-O 11. Bc2 Bb7 12. e4 c5 13. dxc5 Nxc5 14. Bf4 Qxd1 15.
Raxd1 b4 16. e5 Nh5 17. Ne2 Nxf4 18. Nxf4 Rfd8 19. h3 h6 20. Nh2 Bg5 21. Nh5
Bd5 22. b3 Rac8 23. Bb1 a5 24. Nf1 a4 25. bxa4 Nxa4 26. Ne3 Nc3 27. Rd2 Bxe3
28. fxe3 Ra8 29. Rd4 Rdb8 30. Rg4 g6 31. Nf6+ Kg7 32. Nxd5 Nxd5 33. Rc4 Ra3 34.
e4 Rc3 35. Rd4 Ne7 36. Rd7 Rbc8 37. Red1 g5 38. Kh2 Ng6 39. R7d4 b3 40. axb3
Rxb3 41. Ra4 Nxe5 42. Ra7 Rbc3 43. Ba2 R3c7 44. Ra5 Rc5 45. Ra7 R8c7 46. Ra6
Rc2 47. Rf1 Rb2 48. Bb1 Rcb7 49. Ba2 Re2 50. Rb1 Rd7 51. Ra5 Rdd2 52. Rxe5
Rxg2+ 53. Kh1 Rxa2 54. Rb7 Kf6 55. Reb5 Rh2+ 56. Kg1 Rxh3 57. Rc5 Rd3 58. Rc1
Rad2 59. Rf1+ Kg6 60. Rbxf7 Rd1 61. R7f6+ Kh5 62. Rxe6 Rxf1+ 63. Kxf1 g4 64. e5
Kg5 65. Re8 h5 66. Ke2 Rd5 67. Kf2 Kf4 68. e6 Kg5 69. e7 Kf6 70. Kg3 Rd3+ 71.
Kh4 0-1

[Event "22. Torneo San Viator"]
[Site "Madrid ESP"]
[Date "2014.05.18"]
[Round "7.20"]
[White "Fintineru Seuleanu, Antonio"]
[Black "Algaba Traspuesto, Jose Antoni"]
[Result "0-1"]
[WhiteElo "1498"]
[BlackElo "1747"]
[PlyCount "62"]
[EventDate "2014.03.23"]
[EventType "swiss"]
[EventRounds "9"]
[EventCountry "ESP"]
[SourceTitle "Ajedrez en Madrid"]
[Source "lmi"]
[SourceDate "2014.03.23"]
[SourceVersion "1"]
[SourceVersionDate "2014.07.21"]
[SourceQuality "1"]

1. d4 Nf6 2. c4 g6 3. Nc3 d5 4. cxd5 Nxd5 5. e4 Nxc3 6. bxc3 Bg7 7. Qb3 O-O 8.
g3 c5 9. d5 e6 10. c4 Bxa1 11. Be3 Bd4 12. Bxd4 cxd4 13. Nf3 Qa5+ 14. Nd2 Na6
15. Bg2 Nc5 16. Qc2 Qc3 17. Qxc3 dxc3 18. Nb3 Nxb3 19. axb3 exd5 20. cxd5 Bd7
21. O-O Rac8 22. Rc1 b5 23. Bf1 b4 24. Bc4 Rc5 25. Ra1 Ra8 26. Kf1 a5 27. Ke2
a4 28. Kd3 Raa5 29. f3 Kf8 30. Kc2 Ke7 31. f4 axb3+ 0-1

[Event "22. Torneo San Viator"]
[Site "Madrid ESP"]
[Date "2014.05.18"]
[Round "7.21"]
[White "Garcia-Osorio Prado, Miguel A"]
[Black "Jimenez Gallego, Rafael"]
[Result "1-0"]
[WhiteElo "1742"]
[BlackElo "1455"]
[PlyCount "67"]
[EventDate "2014.03.23"]
[EventType "swiss"]
[EventRounds "9"]
[EventCountry "ESP"]
[SourceTitle "Ajedrez en Madrid"]
[Source "lmi"]
[SourceDate "2014.03.23"]
[SourceVersion "1"]
[SourceVersionDate "2014.07.21"]
[SourceQuality "1"]

1. d4 d5 2. c4 c6 3. e3 Nf6 4. Nc3 e6 5. Nf3 Nbd7 6. Bd3 Bd6 7. O-O Qc7 8. cxd5
Nxd5 9. e4 Nxc3 10. bxc3 e5 11. Re1 O-O 12. a4 a5 13. Qb3 h6 14. Nh4 Kh8 15.
Nf5 exd4 16. cxd4 Bxh2+ 17. Kf1 Bd6 18. Nxd6 Qxd6 19. Ba3 c5 20. Rad1 Qc7 21.
e5 b6 22. Bb5 Ba6 23. Bxa6 Rxa6 24. Kg1 Raa8 25. e6 fxe6 26. Rxe6 Rfe8 27. d5
Nf6 28. Bb2 Rxe6 29. dxe6 Re8 30. Bxf6 gxf6 31. Rd7 Qc6 32. Qc2 Qxd7 33. exd7
Rd8 34. Qe2 1-0

[Event "22. Torneo San Viator"]
[Site "Madrid ESP"]
[Date "2014.05.18"]
[Round "7.22"]
[White "Barragan Arriaza, Pablo"]
[Black "Corrochano Utrilla, David"]
[Result "0-1"]
[WhiteElo "1361"]
[BlackElo "1710"]
[PlyCount "90"]
[EventDate "2014.03.23"]
[EventType "swiss"]
[EventRounds "9"]
[EventCountry "ESP"]
[SourceTitle "Ajedrez en Madrid"]
[Source "lmi"]
[SourceDate "2014.03.23"]
[SourceVersion "1"]
[SourceVersionDate "2014.07.21"]
[SourceQuality "1"]

1. c4 Nf6 2. g3 c5 3. Bg2 Nc6 4. Nf3 g6 5. Nc3 Bg7 6. d3 O-O 7. O-O d6 8. Bd2
a6 9. Qc1 Re8 10. a3 Rb8 11. Rb1 b5 12. cxb5 axb5 13. b4 cxb4 14. axb4 Bd7 15.
Ng5 Rc8 16. Qd1 Nd4 17. e3 Nf5 18. Rc1 e6 19. Nge4 d5 20. Nc5 Bc6 21. d4 Nd6
22. Ra1 Nc4 23. Ra6 Nd7 24. Qc2 Nxc5 25. bxc5 Nxd2 26. Qxd2 b4 27. Na2 Bb5 28.
Rd6 Qa5 29. Ra1 Ra8 30. Rb6 b3 31. Qb2 Bc4 32. Bf1 Bxf1 33. Kxf1 bxa2 34. Kg2
e5 35. Rb5 Qa3 36. Qxa3 Rxa3 37. Rb2 exd4 38. Rbxa2 Rxa2 39. Rxa2 dxe3 40. fxe3
Rxe3 41. Rc2 Re8 42. c6 Rc8 43. c7 Kf8 44. Kf2 Ke7 45. Ke3 Kd6 0-1

[Event "22. Torneo San Viator"]
[Site "Madrid ESP"]
[Date "2014.05.18"]
[Round "7.24"]
[White "Munoz Cebey, Ricardo"]
[Black "Marret, Constantin Pierre"]
[Result "1-0"]
[WhiteElo "1878"]
[BlackElo "1605"]
[PlyCount "103"]
[EventDate "2014.03.23"]
[EventType "swiss"]
[EventRounds "9"]
[EventCountry "ESP"]
[SourceTitle "Ajedrez en Madrid"]
[Source "lmi"]
[SourceDate "2014.03.23"]
[SourceVersion "1"]
[SourceVersionDate "2014.07.21"]
[SourceQuality "1"]

1. c4 Nf6 2. Nc3 g6 3. g3 Bg7 4. Bg2 O-O 5. Nf3 c5 6. O-O Nc6 7. d4 cxd4 8.
Nxd4 Qb6 9. Nc2 Ng4 10. Bd2 a6 11. Rb1 d6 12. b3 a5 13. h3 Nf6 14. e4 Qd8 15.
Ne3 Nd7 16. Ncd5 e6 17. Nc3 Nde5 18. Ne2 Nb4 19. a3 Nbd3 20. Bc3 b6 21. f4 Nxf4
22. gxf4 Nc6 23. Bxg7 Kxg7 24. e5 d5 25. cxd5 exd5 26. Nxd5 Qh4 27. Qe1 Qd8 28.
Rd1 Bb7 29. Nf6 Qe7 30. Rd7 Qc5+ 31. Qf2 Ba6 32. Qxc5 bxc5 33. Bxc6 Bxe2 34.
Re1 Ba6 35. Bxa8 Rxa8 36. Rc7 Rb8 37. Rxc5 Rxb3 38. Rxa5 Bb7 39. Ra7 Rg3+ 40.
Kf2 Rg2+ 41. Ke3 Rg3+ 42. Kd4 Bc8 43. Re3 Rg1 44. a4 Bf5 45. a5 h5 46. Ra3 Rf1
47. a6 Rxf4+ 48. Kc5 Be6 49. Rc7 Rc4+ 50. Kd6 Rd4+ 51. Ke7 Bd5 52. Rd7 1-0

[Event "22. Torneo San Viator"]
[Site "Madrid ESP"]
[Date "2014.05.18"]
[Round "7.26"]
[White "Morera Rodriguez, Ignacio"]
[Black "Perez Puebla, David"]
[Result "1-0"]
[WhiteElo "1843"]
[BlackElo "1581"]
[PlyCount "79"]
[EventDate "2014.03.23"]
[EventType "swiss"]
[EventRounds "9"]
[EventCountry "ESP"]
[SourceTitle "Ajedrez en Madrid"]
[Source "lmi"]
[SourceDate "2014.03.23"]
[SourceVersion "1"]
[SourceVersionDate "2014.07.21"]
[SourceQuality "1"]

1. d4 d5 2. c4 c6 3. Nf3 Nf6 4. e3 e6 5. Bd3 Nbd7 6. O-O c5 7. Nc3 cxd4 8. exd4
b6 9. cxd5 Nxd5 10. Nxd5 exd5 11. Re1+ Be7 12. Qe2 Nf8 13. Ne5 Ne6 14. Qh5 g6
15. Qf3 O-O 16. Nc6 Qc7 17. Nxe7+ Qxe7 18. Qxd5 Qb7 19. Qe5 Qd7 20. Be4 Bb7 21.
Bxb7 Qxb7 22. Bh6 Rfd8 23. Qf6 Rd5 24. Rac1 Rh5 25. Be3 Qd5 26. Rc3 Qd6 27. g3
Qd8 28. Qf3 Rf5 29. Qg2 Rd5 30. Rd1 Rb8 31. Kh1 Qd7 32. Qf1 Nxd4 33. Qc4 b5 34.
Qc7 Qxc7 35. Rxc7 Rbd8 36. Rxa7 Nc6 37. Rxd5 Rxd5 38. Rc7 Ne5 39. Bh6 f5 40.
Rg7+ 1-0

[Event "22. Torneo San Viator"]
[Site "Madrid ESP"]
[Date "2014.05.18"]
[Round "7.27"]
[White "Montes De Santiago, Fernando"]
[Black "Gonzalez Hilla, Antonio"]
[Result "1-0"]
[WhiteElo "1831"]
[BlackElo "1575"]
[PlyCount "87"]
[EventDate "2014.03.23"]
[EventType "swiss"]
[EventRounds "9"]
[EventCountry "ESP"]
[SourceTitle "Ajedrez en Madrid"]
[Source "lmi"]
[SourceDate "2014.03.23"]
[SourceVersion "1"]
[SourceVersionDate "2014.07.21"]
[SourceQuality "1"]

1. d4 Nf6 2. c4 g6 3. Nf3 Bg7 4. Nbd2 d6 5. g3 O-O 6. Bg2 Bg4 7. O-O Nbd7 8.
Qc2 Rb8 9. h3 Bxf3 10. Nxf3 Re8 11. e4 e5 12. d5 h6 13. b4 Nxe4 14. Qxe4 f5 15.
Qe3 e4 16. Nd4 Nb6 17. Ne6 Rxe6 18. dxe6 Bxa1 19. Qxh6 Qf6 20. Bg5 Qg7 21. c5
Qxh6 22. Bxh6 Bg7 23. Bxg7 Kxg7 24. cxb6 axb6 25. Rc1 c6 26. Rc3 Kf6 27. Kf1 d5
28. Ke2 Kxe6 29. Ke3 Ke5 30. Ra3 d4+ 31. Kd2 b5 32. Ra5 d3 33. a4 b6 34. Ra7
bxa4 35. Rxa4 b5 36. Ra7 Rd8 37. Ra1 Rd4 38. Rb1 Rc4 39. Ke3 Rc2 40. f4+ Kd5
41. Bf1 Kc4 42. g4 Rh2 43. Rc1+ Rc2 44. Rxc2+ 1-0

[Event "22. Torneo San Viator"]
[Site "Madrid ESP"]
[Date "2014.05.18"]
[Round "7.28"]
[White "Petru, Lucian Olimpiu"]
[Black "Vega De Las Heras, Carlos"]
[Result "1-0"]
[WhiteElo "1805"]
[BlackElo "1560"]
[PlyCount "81"]
[EventDate "2014.03.23"]
[EventType "swiss"]
[EventRounds "9"]
[EventCountry "ESP"]
[SourceTitle "Ajedrez en Madrid"]
[Source "lmi"]
[SourceDate "2014.03.23"]
[SourceVersion "1"]
[SourceVersionDate "2014.07.21"]
[SourceQuality "1"]

1. Nf3 Nf6 2. g3 d5 3. Bg2 c6 4. d3 Bg4 5. h3 Bxf3 6. Bxf3 e6 7. O-O Bd6 8. c4
Qc7 9. a3 a5 10. Nc3 Nbd7 11. Bg2 dxc4 12. dxc4 O-O 13. Qc2 Ne5 14. b3 Ng6 15.
Bb2 h5 16. Ne4 Nxe4 17. Bxe4 f5 18. Bg2 h4 19. c5 Be5 20. gxh4 Nxh4 21. Rad1
Nxg2 22. Kxg2 Bxb2 23. Qxb2 Rf6 24. Rd6 Rd8 25. Qe5 Rg6+ 26. Kf3 Rxd6 27. cxd6
Qd7 28. Rd1 b6 29. e3 Kf7 30. b4 axb4 31. axb4 Rh6 32. Kg3 Rg6+ 33. Kh2 b5 34.
Ra1 Rh6 35. Qd4 c5 36. Qxc5 Kg6 37. Ra7 Qd8 38. Qe5 Rh7 39. Qxe6+ Kg5 40. f4+
Kh5 41. Qxf5+ 1-0

[Event "22. Torneo San Viator"]
[Site "Madrid ESP"]
[Date "2014.05.18"]
[Round "7.30"]
[White "Lacaci Otero, Ivan"]
[Black "Alonso Pardo, Daniel"]
[Result "0-1"]
[WhiteElo "1728"]
[BlackElo "1552"]
[PlyCount "78"]
[EventDate "2014.03.23"]
[EventType "swiss"]
[EventRounds "9"]
[EventCountry "ESP"]
[SourceTitle "Ajedrez en Madrid"]
[Source "lmi"]
[SourceDate "2014.03.23"]
[SourceVersion "1"]
[SourceVersionDate "2014.07.21"]
[SourceQuality "1"]

1. e4 e5 2. Nc3 g6 3. Nf3 Nc6 4. d4 exd4 5. Nxd4 Nge7 6. Bc4 Bg7 7. Be3 Ne5 8.
Bb3 d6 9. f3 a6 10. Qd2 c5 11. Ba4+ b5 12. Ndxb5 axb5 13. Bxb5+ Bd7 14. Qxd6
Bxb5 15. Nxb5 Qa5+ 16. Nc3 Nc4 17. Qxc5 Bxc3+ 18. bxc3 Qxc3+ 19. Kf2 Qxc2+ 20.
Kg3 Nxe3 21. Qxe3 Rxa2 22. Rxa2 Qxa2 23. Qh6 Qb2 24. Rd1 f5 25. Qf4 O-O 26. Rd7
fxe4 27. Qxe4 Nf5+ 28. Kh3 Qf6 29. Qc4+ Kh8 30. Ra7 Ng7 31. Qc7 Qf5+ 32. Kg3
Qg5+ 33. Kf2 Qh4+ 34. Kf1 Qd4 35. h3 Re8 36. Qf7 Qd3+ 37. Kf2 Qe3+ 38. Kg3 Nh5+
39. Kg4 Re4+ 0-1

[Event "22. Torneo San Viator"]
[Site "Madrid ESP"]
[Date "2014.05.18"]
[Round "7.31"]
[White "Perez Puebla, Fernando"]
[Black "Correas Aguilera, Eufemio"]
[Result "1-0"]
[WhiteElo "1575"]
[BlackElo "1727"]
[PlyCount "59"]
[EventDate "2014.03.23"]
[EventType "swiss"]
[EventRounds "9"]
[EventCountry "ESP"]
[SourceTitle "Ajedrez en Madrid"]
[Source "lmi"]
[SourceDate "2014.03.23"]
[SourceVersion "1"]
[SourceVersionDate "2014.07.21"]
[SourceQuality "1"]

1. e4 d5 2. exd5 Qxd5 3. Nc3 Qa5 4. g3 Nf6 5. Bg2 c6 6. Nge2 Bf5 7. O-O e5 8.
d3 Bc5 9. Bd2 Qc7 10. Na4 Bb6 11. Nxb6 axb6 12. Nc3 O-O 13. Qf3 Bg6 14. Bg5
Nbd7 15. Ne4 Nxe4 16. dxe4 Nc5 17. Qe2 f6 18. Be3 Qf7 19. Bxc5 bxc5 20. Rfd1
Rxa2 21. b3 Qxb3 22. Qg4 Qxc2 23. Rxa2 Qxa2 24. Rd7 Qb1+ 25. Bf1 Qxe4 26. Qe6+
Bf7 27. Qe7 Qg6 28. Bd3 Qh5 29. Bc4 b5 30. Rd8 1-0

[Event "22. Torneo San Viator"]
[Site "Madrid ESP"]
[Date "2014.05.18"]
[Round "7.32"]
[White "Dominguez Afonso, Ayraldo"]
[Black "San Felipe Gonzalez, Tomas"]
[Result "0-1"]
[WhiteElo "1523"]
[BlackElo "1701"]
[PlyCount "66"]
[EventDate "2014.03.23"]
[EventType "swiss"]
[EventRounds "9"]
[EventCountry "ESP"]
[SourceTitle "Ajedrez en Madrid"]
[Source "lmi"]
[SourceDate "2014.03.23"]
[SourceVersion "1"]
[SourceVersionDate "2014.07.21"]
[SourceQuality "1"]

1. e4 c5 2. Nf3 e6 3. d4 cxd4 4. Nxd4 Nf6 5. Nc3 Nc6 6. Be3 Bb4 7. f3 Qb6 8.
Nf5 Qa5 9. Nd6+ Ke7 10. Nxc8+ Raxc8 11. Qd2 Bxc3 12. Qxc3 Nb4 13. Bc4 Nxc2+ 14.
Ke2 Qxc3 15. bxc3 Nxa1 16. Bd3 Rxc3 17. Rxa1 b6 18. Bd4 Rc7 19. e5 Nd5 20. g3
h6 21. Rf1 Nc3+ 22. Ke3 Nxa2 23. f4 Nb4 24. Bb1 Nc2+ 25. Bxc2 Rxc2 26. h3 Rhc8
27. g4 Ra2 28. h4 Ra3+ 29. Kf2 Rc2+ 30. Kg1 Raa2 31. Bf2 Rxf2 32. Rxf2 Rxf2 33.
Kxf2 b5 0-1

[Event "22. Torneo San Viator"]
[Site "Madrid ESP"]
[Date "2014.05.18"]
[Round "7.33"]
[White "Casado Salvo, Jose Maria"]
[Black "Insua Rodriguez, Antonio"]
[Result "1-0"]
[WhiteElo "1673"]
[BlackElo "1497"]
[PlyCount "61"]
[EventDate "2014.03.23"]
[EventType "swiss"]
[EventRounds "9"]
[EventCountry "ESP"]
[SourceTitle "Ajedrez en Madrid"]
[Source "lmi"]
[SourceDate "2014.03.23"]
[SourceVersion "1"]
[SourceVersionDate "2014.07.21"]
[SourceQuality "1"]

1. f4 d5 2. e3 Nc6 3. d4 Nf6 4. Nf3 Bg4 5. Be2 e6 6. O-O Bd6 7. Ne5 Bxe2 8.
Qxe2 Ne4 9. Nd2 Ne7 10. Nxe4 dxe4 11. Qb5+ c6 12. Qxb7 Rb8 13. Qa6 Qc7 14. Qe2
Nd5 15. a3 c5 16. c3 O-O 17. g3 Rb3 18. Nc4 f5 19. Nxd6 Qxd6 20. c4 Ne7 21. Rd1
cxd4 22. Qc2 Qb6 23. Rxd4 Rc8 24. Ra2 Nc6 25. Rd6 Qc5 26. Rxc6 Rxc6 27. Qxb3
Qd6 28. Qc2 Rxc4 29. Qxc4 Qd1+ 30. Qf1 Qb3 31. Ra1 1-0

[Event "22. Torneo San Viator"]
[Site "Madrid ESP"]
[Date "2014.05.18"]
[Round "7.34"]
[White "Sierra Bermejo, Gregorio"]
[Black "Lopez Mijail, Nicolas"]
[Result "1-0"]
[WhiteElo "1661"]
[BlackElo "1389"]
[PlyCount "59"]
[EventDate "2014.03.23"]
[EventType "swiss"]
[EventRounds "9"]
[EventCountry "ESP"]
[SourceTitle "Ajedrez en Madrid"]
[Source "lmi"]
[SourceDate "2014.03.23"]
[SourceVersion "1"]
[SourceVersionDate "2014.07.21"]
[SourceQuality "1"]

1. e4 c5 2. g3 Nc6 3. Bg2 g6 4. c3 Bg7 5. Ne2 e6 6. O-O Nge7 7. d4 cxd4 8. cxd4
d5 9. e5 Qb6 10. b3 Nf5 11. Bb2 O-O 12. Na3 f6 13. exf6 Bxf6 14. Nc2 a5 15. Rb1
a4 16. bxa4 Rxa4 17. Ba3 Qa7 18. Bc5 Qa8 19. Bxf8 Kxf8 20. Nc3 Rc4 21. Nxd5
exd5 22. Bxd5 Ra4 23. Qf3 Kg7 24. Bb3 Nfxd4 25. Nxd4 Nxd4 26. Qe3 Nxb3 27. axb3
Ra2 28. Rbc1 Bd8 29. Qd4+ Bf6 30. Rc7+ 1-0

[Event "22. Torneo San Viator"]
[Site "Madrid ESP"]
[Date "2014.05.18"]
[Round "7.38"]
[White "Gutierrez Chamorro, Alejandro"]
[Black "Castillo Sanz, Javier"]
[Result "0-1"]
[WhiteElo "1555"]
[BlackElo "1815"]
[PlyCount "56"]
[EventDate "2014.03.23"]
[EventType "swiss"]
[EventRounds "9"]
[EventCountry "ESP"]
[SourceTitle "Ajedrez en Madrid"]
[Source "lmi"]
[SourceDate "2014.03.23"]
[SourceVersion "1"]
[SourceVersionDate "2014.07.21"]
[SourceQuality "1"]

1. e4 g6 2. d4 Bg7 3. Nf3 d6 4. Bc4 a6 5. h3 b5 6. Bb3 Bb7 7. Nbd2 Nd7 8. O-O
c5 9. c3 Qc7 10. Re1 Ngf6 11. e5 dxe5 12. dxe5 Nd5 13. e6 fxe6 14. Rxe6 c4 15.
Bc2 Nc5 16. Re1 Nf4 17. Ne4 Rd8 18. Bxf4 Qxf4 19. Qe2 Nd3 20. Bxd3 cxd3 21. Qe3
Qxe3 22. Rxe3 Bh6 23. Nc5 Bxe3 24. fxe3 Bxf3 25. gxf3 Rd6 26. Rd1 Rf8 27. f4
Rf5 28. Kf2 Rxc5 0-1

[Event "22. Torneo San Viator"]
[Site "Madrid ESP"]
[Date "2014.05.18"]
[Round "7.39"]
[White "Garcia Rojas, Juan Carlos"]
[Black "Sarabia Utrilla, Joaquin"]
[Result "1-0"]
[WhiteElo "1548"]
[BlackElo "1778"]
[PlyCount "73"]
[EventDate "2014.03.23"]
[EventType "swiss"]
[EventRounds "9"]
[EventCountry "ESP"]
[SourceTitle "Ajedrez en Madrid"]
[Source "lmi"]
[SourceDate "2014.03.23"]
[SourceVersion "1"]
[SourceVersionDate "2014.07.21"]
[SourceQuality "1"]

1. d4 d5 2. c4 e6 3. Nc3 c6 4. e3 Nf6 5. Bd3 Bd6 6. c5 Bc7 7. Nf3 Nbd7 8. b4 e5
9. dxe5 Nxe5 10. Nxe5 Bxe5 11. Qc2 d4 12. f4 dxc3 13. fxe5 Nd5 14. a3 Qg5 15.
e4 Qxe5 16. O-O Nf6 17. Bf4 Qd4+ 18. Kh1 h6 19. Rad1 O-O 20. e5 Kh8 21. exf6 g5
22. Bd6 Rg8 23. Bh7 Qh4 24. Bxg8 Kxg8 25. Bg3 Bf5 26. Rxf5 Qg4 27. Rf3 h5 28.
Rxc3 h4 29. h3 Qe6 30. Bd6 g4 31. Qd2 Qxf6 32. hxg4 Qg6 33. Qf4 Re8 34. Qf5 Qh6
35. Bf4 Qh8 36. Qg5+ Kh7 37. Qxh4+ 1-0

[Event "22. Torneo San Viator"]
[Site "Madrid ESP"]
[Date "2014.05.18"]
[Round "7.40"]
[White "Ojosnegros Martin, Angel"]
[Black "Petru, Marius Ioan"]
[Result "0-1"]
[WhiteElo "1514"]
[BlackElo "1742"]
[PlyCount "66"]
[EventDate "2014.03.23"]
[EventType "swiss"]
[EventRounds "9"]
[EventCountry "ESP"]
[SourceTitle "Ajedrez en Madrid"]
[Source "lmi"]
[SourceDate "2014.03.23"]
[SourceVersion "1"]
[SourceVersionDate "2014.07.21"]
[SourceQuality "1"]

1. e4 c5 2. Nf3 d6 3. d4 cxd4 4. Nxd4 Nf6 5. Nc3 a6 6. g3 e6 7. Bg2 Qc7 8. Nde2
Nbd7 9. a4 Be7 10. Rb1 O-O 11. O-O Rb8 12. b4 b6 13. f4 Bb7 14. Bd2 Qc4 15. e5
dxe5 16. fxe5 Nxe5 17. Rf4 Qc7 18. Bxb7 Qxb7 19. Nc1 Rbd8 20. Qe2 Rxd2 21. Qxd2
Nf3+ 22. Rxf3 Qxf3 23. Nd3 Rd8 24. Rf1 Qb7 25. Ne2 Nd5 26. Qe1 Ne3 27. Rf2 Nxc2
28. Qc3 Ne3 29. Nb2 Nd5 30. Qf3 Bxb4 31. Nd3 Bd2 32. Nef4 Be3 33. Nxd5 Bxf2+
0-1